Countries bordering Europe - Statistics

General Stats
  • This quiz has been taken 69 times
  • The average score is 5 of 6
Answer Stats
Hint Answer % Correct
ASIA Turkey
95%
AFRICA Morocco
92%
ASIA Russia
83%
ASIA Georgia
81%
ASIA Azerbaijan
78%
ASIA Kazakhstan
68%
No matching quizzes found
Score Distribution
Percent of People with Each Score
Percentile by Number Answered
Your Score History
You have not taken this quiz